000 00517nam a2200157 i 4500
001 125472
003 ES-MaACL
007 t|
008 070613s1914 fr ||||1| fre d
100 1 _aVielé-Griffin, Francis.
_9114578
245 1 0 _aVoix d'Ionie
_b: le Délire de Tantale ; Pasiphaé ; Galatée ; les Noces d'Atalante ; la Sagesse d'Ulysse ; précédées de quelques poèmes.
250 _a2e éd.
260 _aParis :
_bMercure de France,
_c1914.
300 _a184 p. ;
_c19 cm.
852 _aES-MaACL
_jG-3199
999 _c125472
_d125472